000 01576nam a22003977a 4500
003 CHAP
005 20220329143718.0
008 110325s2011 mx r 00010 spa d
010 _a100747
011 _a101719
035 _a112407
040 _cCHAP
090 _aTesis
100 1 _aRobles Pliego, Mariana
_998106
245 1 0 _aOrdenación y clasificación de las comunidades vegetales del Municipio de San Andrés Nuxiño, Oaxaca
_h[En linea]
_c/por Mariana Robles Pliego y Gustavo Zárate Huerta
260 _aChapingo, Méx. :
_bEl autor,
_c2011
502 _aTesis (Ing. en Restauración Forestal) -- UACH. División de Ciencias Forestales
590 _aALEPH
_b10
_c20130110
_lUCH01
_h1540
590 _aBATCH-UPD
_b10
_c20130110
_lUCH01
_h0902
590 _aBATCH-UPD
_b10
_c20130410
_lUCH01
_h0530
590 _aBATCH-UPD
_b10
_c20130914
_lUCH01
_h0703
590 _aBATCH-UPD
_b10
_c20140324
_lUCH01
_h1524
590 _aBATCH-UPD
_b10
_c20141002
_lUCH01
_h0848
590 _aCONVERSION
_b10
_c20130109
_lUCH01
_h1356
650 1 4 _aÁrboles
_xClasificación.
_982435
650 1 4 _aÁrboles
_xOaxaca.
_982439
650 1 4 _aÁrboles
_xVariedades.
_982441
650 1 4 _aBosques
_xAdministración.
_914003
650 1 4 _aComunidades vegetales.
_926256
700 1 _aZárate huerta, Gustavo.
_9124112
856 _3Finding aid
_uhttp://10.13.5.2/tesis/112407.pdf
_zTeclea aqui
901 _aBK
942 _cFOLL
949 _aTesis
_bBC
_cTES
_d33724002259736
_eTS2
_fc.2
_gDonaciØn
_h52109
_i112407
_st
949 _aTesis
_bBC
_cTES
_d33724002259777
_eTS1
_gDonaciØn
_h52108
_i112407
_st
999 _c100747
_d100747